000
00290nam a22001097a 4500
008
160429b xxu||||| |||| 00| 0 eng d
020
_a
0721635261
041
_a
eng
080
_a
618.2
245
_a
Critical care nursing:
_c
Jeanette Hartshorn;Marilyn Lamborn; Mary Lou Noll;
942
_2
udc
_c
BK
999
_c
1694
_d
1694